Statistics for Incredible Animals #2

Click here to take the quiz!

General Stats

  • This quiz has been taken 8 times
  • The average score is 8 of 19

Answer Stats

ClueAnimal% Correct
The largest bladder in the world can hold up to 5 gallons (18 litres), but whose is it?Elephant
100%
The heart of this aquatic mammal can weigh up to 400lbs.Blue Whale
83%
The longest legs in the animal kingdom can measure up to 2.1metres and belong to one of Africa’s most iconic creatures.Giraffe
83%
Which arctic-dwelling creature looks like it has a horn, but it is actually a 10ft long canine tooth which grows forward through the animal’s head?Narwhal
83%
There are two species of animals that have 3 hearts. Can you name either?Octopus / Squid
67%
This flying insect has 15 photoreceptors and can see the world in more colour than any other animal.Bluebottle Butterfly
50%
An animal measuring just 3ft in length has the world’s longest claws, which can grow up to 8 inches. Who holds this record?Giant Armadillo
50%
This reptile has the most bones (approx. 1,800), but doesn’t use any of them for legs.Giant Python
50%
The only animal that has four kneecaps is native to Africa and is flightless. What is it?Ostrich
50%
The longest feather ever to be recorded belonged to a bird owned by a Japanese farmer and measured 10.6 metres.Phoenix Chicken
50%
There are two known creatures with 6 fingers on each hand. Can you name either one?Aye-aye / Lemur
33%
The creatures with the longest lifespan are able to return to a younger form of themselves, meaning there is no natural limit to their life.Immortal Jellyfish
33%
The biggest brain in the animal kingdom can weigh up 20lbs and belongs to which aquatic mammal?Sperm Whale
33%
The record for the longest beak is held by a bird from down under. The beak is an average of 1.5ft in length.Australian Pelican
17%
The creature with the most taste buds (approx. 175,000) is a fish who generally dwell in murky water where eyesight is not much use.Catfish
17%
Can you name the only mammal which has scales?Pangolin
17%
Which marine mammal possesses the largest testes, each weighing 500kg and measuring 2.5ft in width.Right Whale
17%
The world’s strongest beak can generate pressure as high as 3,000 pounds per square inch, enough to crack open coconuts.Hyacinth Macaw
0%
This bird builds the largest nests. They can weigh as much as 2,000ibs and can measure up to 20ft/6m wide.Sociable Weaver
0%

Score Distribution

Percentile by Number Answered

Percent of People with Each Score

Your Score History

You have not taken this quiz